[Event "Chess24 Banter Blitz Cup"]
[Site "chess24.com INT"]
[Date "2020.01.06"]
[Round "1.6"]
[White "Maghsoodloo, Parham"]
[Black "Alsina Leal, Daniel"]
[Result "1-0"]
[WhiteTitle "GM"]
[BlackTitle "GM"]
[WhiteElo "2664"]
[BlackElo "2467"]
[WhiteFideId "12539929"]
[BlackFideId "2252627"]
[EventDate "2019.09.25"]
[EventType "blitz"]

1. Nf3 d5 2. c4 d4 3. b4 c5 4. e3 Nf6 5. exd4 cxd4 6. c5 a5 7. b5 e5 8. Nxe5
Bxc5 9. Bc4 O-O 10. O-O Nbd7 11. Nxd7 Bxd7 12. d3 h6 13. Bf4 Re8 14. Nd2 Be6 15.
Re1 Bxc4 16. Nxc4 Nd5 17. Qf3 Nxf4 18. Qxf4 Qd5 19. Qf3 Qxf3 20. gxf3 Bb4 21.
Re4 Bc3 22. Rb1 f5 23. Rxe8+ Rxe8 24. Kf1 Re6 25. b6 Kf7 26. a3 Kf6 27. h4 g5
28. hxg5+ hxg5 29. Kg2 Re2 30. Nd6 Re7 31. Rb5 f4 32. Ne4+ Ke6 33. Rxg5 Kd7 34.
Rg6 Re5 35. a4 Bb4 36. Nf6+ Kd8 37. Rg7 Re6 38. Nd5 Rd6 39. Nxf4 Rxb6 40. Nd5
Ra6 41. Rxb7 Bc5 42. f4 Rd6 43. Ne7 Re6 44. Nf5 Rf6 45. Ng7 Rg6+ 46. Kf3 Bb4 47.
f5 Rf6 48. Ne6+ Kc8 49. Rb5 Kd7 50. Ke4 Rh6 51. f4 Rh4 52. Nxd4 Rh3 53. Nf3 Ke8
54. Ne5 Ke7 55. f6+ Kxf6 56. Rb6+ Ke7 57. Rb7+ Kd6 58. Rb6+ Kc7 59. Rb5 Kc8 60.
Nc4 Kc7 61. Nb6 1-0

[Event "Chess24 Banter Blitz Cup"]
[Site "chess24.com INT"]
[Date "2020.01.06"]
[Round "1.7"]
[White "Alsina Leal, Daniel"]
[Black "Maghsoodloo, Parham"]
[Result "0-1"]
[WhiteTitle "GM"]
[BlackTitle "GM"]
[WhiteElo "2467"]
[BlackElo "2664"]
[WhiteFideId "2252627"]
[BlackFideId "12539929"]
[EventDate "2019.09.25"]
[EventType "blitz"]

1. e4 e5 2. Nf3 Nc6 3. Bb5 a6 4. Ba4 Nf6 5. O-O Bc5 6. c3 O-O 7. Re1 d6 8. d4
Ba7 9. h3 b5 10. Bc2 h6 11. Be3 Re8 12. Nbd2 Bb7 13. a4 Qd7 14. axb5 axb5 15. d5
Bxe3 16. dxc6 Bxf2+ 17. Kxf2 Qxc6 18. Rxa8 Qb6+ 19. Kf1 Rxa8 20. Qe2 Ra2 21. Rb1
b4 22. Qc4 Ba6 0-1

[Event "Chess24 Banter Blitz Cup"]
[Site "chess24.com INT"]
[Date "2020.01.06"]
[Round "1.8"]
[White "Maghsoodloo, Parham"]
[Black "Alsina Leal, Daniel"]
[Result "1-0"]
[WhiteTitle "GM"]
[BlackTitle "GM"]
[WhiteElo "2664"]
[BlackElo "2467"]
[WhiteFideId "12539929"]
[BlackFideId "2252627"]
[EventDate "2019.09.25"]
[EventType "blitz"]

1. e4 c5 2. Nf3 d6 3. d4 cxd4 4. Nxd4 Nf6 5. Nc3 a6 6. Bg5 e6 7. Qe2 Be7 8.
O-O-O Qc7 9. f4 Nbd7 10. g4 b5 11. a3 Rb8 12. h4 b4 13. axb4 Rxb4 14. Bg2 Qb6
15. e5 Rxd4 16. exf6 gxf6 17. Bh6 Rxd1+ 18. Rxd1 Bb7 19. Bxb7 Qxb7 20. f5 Ne5
21. g5 fxg5 22. fxe6 fxe6 23. Bg7 Rg8 24. Bxe5 dxe5 25. Qh5+ Rg6 26. Qxh7 Rf6
27. Ne4 Rf4 28. Nd6+ Bxd6 29. Qxb7 1-0

[Event "Chess24 Banter Blitz Cup"]
[Site "chess24.com INT"]
[Date "2020.01.06"]
[Round "1.9"]
[White "Alsina Leal, Daniel"]
[Black "Maghsoodloo, Parham"]
[Result "0-1"]
[WhiteTitle "GM"]
[BlackTitle "GM"]
[WhiteElo "2467"]
[BlackElo "2664"]
[WhiteFideId "2252627"]
[BlackFideId "12539929"]
[EventDate "2019.09.25"]
[EventType "blitz"]

1. e4 Nf6 2. e5 Nd5 3. d4 d6 4. Nf3 Bg4 5. Be2 e6 6. O-O Be7 7. h3 Bh5 8. c4 Nb6
9. exd6 cxd6 10. b3 O-O 11. Nc3 d5 12. c5 Nc8 13. Be3 Nc6 14. Rb1 Bf6 15. b4 a6
16. a4 Bxf3 17. Bxf3 N8e7 18. b5 axb5 19. axb5 Na5 20. Be2 Nf5 21. Bd3 Nc4 22.
Bxf5 exf5 23. Qf3 Ra3 24. Nxd5 Bxd4 25. Rfd1 Nxe3 26. fxe3 Bxc5 27. Qxf5 b6 28.
Kh1 Qe8 29. e4 Qe6 30. Qxe6 fxe6 31. Nc7 e5 32. Ne6 Rc8 33. Rd5 Bf2 34. Rxe5
Rac3 35. Rf5 Bg3 36. Rbf1 h6 37. Rf8+ Rxf8 38. Nxf8 Rc5 39. Ne6 Rxb5 40. Nd4 Rb2
41. Nf5 Be5 42. Rd1 b5 43. Kg1 b4 44. Rd5 Bc3 45. Rb5 b3 46. Nd6 Rb1+ 47. Kh2 b2
48. Nc4 Kh7 49. Kg3 Rc1 50. Kf3 b1=Q 51. Rxb1 Rxb1 0-1

[Event "Chess24 Banter Blitz Cup"]
[Site "chess24.com INT"]
[Date "2020.01.06"]
[Round "1.10"]
[White "Maghsoodloo, Parham"]
[Black "Alsina Leal, Daniel"]
[Result "1-0"]
[WhiteTitle "GM"]
[BlackTitle "GM"]
[WhiteElo "2664"]
[BlackElo "2467"]
[WhiteFideId "12539929"]
[BlackFideId "2252627"]
[EventDate "2019.09.25"]
[EventType "blitz"]

1. e4 c5 2. Nf3 d6 3. d4 cxd4 4. Nxd4 Nf6 5. Nc3 a6 6. h3 Nc6 7. g4 Qb6 8. Nb3
e6 9. Be3 Qc7 10. a4 Be7 11. g5 Nd7 12. f4 b6 13. Bg2 Bb7 14. O-O h6 15. g6 fxg6
16. Qg4 Nf8 17. Rae1 h5 18. Qg3 Nb4 19. Re2 O-O-O 20. Rf3 Kb8 21. a5 bxa5 22.
Qf2 Nd7 23. Ba7+ Ka8 24. Na4 Qc6 25. Nb6+ Nxb6 26. Bxb6 Rc8 27. Nxa5 Qa4 28. Ra3
Qb5 29. Rb3 Qa4 30. c3 Nd3 31. Qe3 Qa1+ 32. Kh2 Nc5 33. Ra3 Qb1 34. b4 Nd3 35.
Nxb7 Kxb7 36. e5+ d5 37. Rd2 Ne1 38. Bf1 Nc2 39. Bxa6+ Kb8 40. Ba7+ Ka8 41. Qb6
Rb8 42. Bxb8 Rxb8 43. Bb7# 1-0

[Event "Chess24 Banter Blitz Cup"]
[Site "chess24.com INT"]
[Date "2020.01.06"]
[Round "1.11"]
[White "Alsina Leal, Daniel"]
[Black "Maghsoodloo, Parham"]
[Result "0-1"]
[WhiteTitle "GM"]
[BlackTitle "GM"]
[WhiteElo "2467"]
[BlackElo "2664"]
[WhiteFideId "2252627"]
[BlackFideId "12539929"]
[EventDate "2019.09.25"]
[EventType "blitz"]

1. e4 d5 2. exd5 Qxd5 3. Nc3 Qd6 4. d4 Nf6 5. Nf3 c6 6. g3 Bg4 7. Bg2 Nbd7 8.
O-O e6 9. h3 Bh5 10. Re1 Be7 11. Bf4 Qb4 12. Rb1 O-O 13. a3 Qa5 14. g4 Bg6 15.
Ne5 Rad8 16. Qe2 Nxe5 17. dxe5 Nd5 18. Bd2 Qc7 19. Rbc1 Nxc3 20. Bxc3 Bg5 21.
Rcd1 h6 22. Be4 Rd5 23. Bxd5 cxd5 24. Bd4 Bxc2 25. Rc1 Bxc1 26. Rxc1 Rc8 27.
Bxa7 Qc6 28. Bd4 Qa4 29. Qd2 Rc4 30. Be3 h5 31. f3 hxg4 32. hxg4 Qb3 33. Kf2
Qxb2 34. a4 d4 35. Bf4 d3 36. a5 Qd4+ 37. Kg3 Qxf4+ 0-1

[Event "Chess24 Banter Blitz Cup"]
[Site "chess24.com INT"]
[Date "2020.01.06"]
[Round "1.1"]
[White "Buksa, Nataliya"]
[Black "Vallejo Pons, Francisco"]
[Result "0-1"]
[WhiteTitle "IM"]
[BlackTitle "GM"]
[WhiteElo "2410"]
[BlackElo "2694"]
[WhiteFideId "14123622"]
[BlackFideId "2205530"]
[EventDate "2019.09.25"]
[EventType "blitz"]

1. d4 f5 2. Qd3 d5 3. Nf3 Nf6 4. Bf4 e6 5. h3 Bd6 6. e3 O-O 7. Be2 b6 8. Nbd2
Ba6 9. c4 Bxf4 10. exf4 dxc4 11. Nxc4 Nd5 12. Qd2 Bxc4 13. Bxc4 Qd6 14. g3 Nd7
15. O-O c6 16. Rfe1 Rfe8 17. Re2 Rad8 18. Rae1 Nf8 19. Ng5 h6 20. Nf3 a5 21. a3
a4 22. Nh2 b5 23. Ba2 Nf6 24. Nf3 Ne4 25. Qc2 Qc7 26. Rc1 Rd6 27. Re3 Qb6 28.
Rd3 Red8 29. Rcd1 Qa7 30. Qe2 Kh7 31. Qe3 Ng6 32. Kg2 Qd7 33. Bb1 Qa7 34. Kg1
Ne7 35. Kg2 Qb6 36. Kg1 b4 37. Kg2 Rb8 38. Qc1 bxa3 39. bxa3 Qb2 40. Qxb2 Rxb2
41. Nd2 Nd5 42. Nxe4 fxe4 43. R3d2 Rxd2 44. Bxe4+ Kg8 45. Rxd2 Nc3 46. Bf3 Nb5
47. Ra2 Nxd4 48. Be4 Kf7 49. Kf1 Nb3 50. Ke2 Nc1+ 51. Ke3 Nxa2 52. g4 Nc3 53. f5
Nxe4 0-1

[Event "Chess24 Banter Blitz Cup"]
[Site "chess24.com INT"]
[Date "2020.01.06"]
[Round "1.2"]
[White "Vallejo Pons, Francisco"]
[Black "Buksa, Nataliya"]
[Result "1-0"]
[WhiteTitle "GM"]
[BlackTitle "IM"]
[WhiteElo "2694"]
[BlackElo "2410"]
[WhiteFideId "2205530"]
[BlackFideId "14123622"]
[EventDate "2019.09.25"]
[EventType "blitz"]

1. Nf3 d5 2. d4 Nf6 3. c4 e6 4. Bg5 Nbd7 5. e3 Be7 6. Nc3 h6 7. Bh4 c5 8. cxd5
Nxd5 9. Bxe7 Qxe7 10. Nxd5 exd5 11. dxc5 Qxc5 12. Qd4 Qa5+ 13. Qd2 Qxd2+ 14.
Kxd2 Nc5 15. Bd3 O-O 16. Rac1 b6 17. Nd4 Ne6 18. b4 Bd7 19. Ba6 Rfe8 20. f3 Rad8
21. a3 Bc8 22. Bb5 Bd7 23. Ba6 Bc8 24. Bd3 Bd7 25. Nf5 Ba4 26. h4 Kf8 27. h5 d4
28. e4 Nf4 29. Rc7 Rd7 30. Rxd7 Bxd7 31. Nxd4 Nxg2 32. Ne2 Rd8 33. Nc3 Nf4 34.
Ke3 Nxd3 35. Kxd3 Be6+ 36. Ke3 Rc8 37. Nb5 a6 38. Nd4 Rc3+ 39. Kf4 Rxa3 40.
Nxe6+ fxe6 41. Rc1 Rb3 42. Ke5 Rxf3 43. Kxe6 Rf6+ 44. Kd5 Rf4 45. Rc8+ Kf7 46.
Rc7+ Kg8 47. Rb7 b5 48. Ra7 Rh4 49. e5 Rxb4 50. e6 Rb1 51. Ra8+ Kh7 52. e7 Rd1+
53. Kc5 Rc1+ 54. Kb6 Re1 55. e8=Q Rxe8 56. Rxe8 g6 57. Re7+ Kg8 58. hxg6 h5 59.
Rh7 b4 60. Rxh5 b3 61. Rh2 b2 62. Rxb2 Kg7 63. Rg2 Kf6 64. Kxa6 Kg7 65. Kb6 Kg8
66. Kc6 Kg7 67. Kd6 1-0

[Event "Chess24 Banter Blitz Cup"]
[Site "chess24.com INT"]
[Date "2020.01.06"]
[Round "1.3"]
[White "Buksa, Nataliya"]
[Black "Vallejo Pons, Francisco"]
[Result "1/2-1/2"]
[WhiteTitle "IM"]
[BlackTitle "GM"]
[WhiteElo "2410"]
[BlackElo "2694"]
[WhiteFideId "14123622"]
[BlackFideId "2205530"]
[EventDate "2019.09.25"]
[EventType "blitz"]

1. d4 f5 2. Nc3 Nf6 3. g3 d5 4. Bg2 e6 5. Bf4 a6 6. e3 c5 7. Nf3 Nc6 8. O-O Bd7
9. Ne2 b5 10. b3 c4 11. bxc4 dxc4 12. Ne5 Rc8 13. Nxd7 Qxd7 14. Bg5 Be7 15. Rb1
O-O 16. Bxf6 Rxf6 17. d5 exd5 18. Qxd5+ Qxd5 19. Bxd5+ Kf8 20. Rfd1 Nb4 21. c3
Nd3 22. Nf4 Nxf4 23. gxf4 Rd6 24. Bb7 Rcd8 25. Bf3 Bf6 26. Rdc1 Rc8 27. a4 Rc5
28. axb5 axb5 29. Rc2 Ke7 30. Kf1 Kd7 31. Ra1 Rd3 32. Ra3 Kd6 33. Be2 Rdd5 34.
Bf3 Rd3 35. Be2 Rdd5 36. Bf3 Rd3 1/2-1/2

[Event "Chess24 Banter Blitz Cup"]
[Site "chess24.com INT"]
[Date "2020.01.06"]
[Round "1.4"]
[White "Vallejo Pons, Francisco"]
[Black "Buksa, Nataliya"]
[Result "1-0"]
[WhiteTitle "GM"]
[BlackTitle "IM"]
[WhiteElo "2694"]
[BlackElo "2410"]
[WhiteFideId "2205530"]
[BlackFideId "14123622"]
[EventDate "2019.09.25"]
[EventType "blitz"]

1. Nf3 d5 2. d4 Nf6 3. c4 e6 4. g3 Bb4+ 5. Bd2 Be7 6. Bg2 O-O 7. O-O c6 8. Bc3
a5 9. Nbd2 Nbd7 10. b3 b5 11. c5 Ne4 12. Bb2 f5 13. e3 Qc7 14. a3 g5 15. Ne1 g4
16. Nd3 Bg5 17. Qe2 Ndf6 18. f4 Nxd2 19. Qxd2 Bh6 20. Qe2 Bg7 21. h3 h5 22. Bc3
Kf7 23. Ne5+ Ke8 24. hxg4 hxg4 25. Kf2 Ra7 26. Rh1 Bd7 27. Qd2 Kd8 28. b4 a4 29.
Rh4 Kc8 30. Rah1 Kb7 31. Qe2 Raa8 32. Bd2 Rae8 33. Ke1 Qd8 34. Kd1 Rh8 35. Kc2
Rxh4 36. Rxh4 Rh8 37. Be1 Rxh4 38. gxh4 Nh5 39. Bf1 Qe7 40. Qg2 Be8 41. Be2 Bf6
42. Qh1 Qd8 43. Kd1 Qe7 44. Bf2 Qd8 45. Ke1 Qe7 46. Kd1 Qg7 47. Be1 Qg8 48. Qf1
Qg7 49. Nxc6 Bxc6 50. Bxb5 Qd7 51. Ba6+ Ka7 52. b5 Bb7 53. b6+ Kb8 54. Bb5 Bc6
55. Bxc6 Qxc6 56. Qa6 Qb7 57. Qxa4 e5 58. Qe8+ Qc8 59. Qxc8+ Kxc8 60. fxe5 1-0

[Event "Chess24 Banter Blitz Cup"]
[Site "chess24.com INT"]
[Date "2020.01.06"]
[Round "1.5"]
[White "Buksa, Nataliya"]
[Black "Vallejo Pons, Francisco"]
[Result "0-1"]
[WhiteTitle "IM"]
[BlackTitle "GM"]
[WhiteElo "2410"]
[BlackElo "2694"]
[WhiteFideId "14123622"]
[BlackFideId "2205530"]
[EventDate "2019.09.25"]
[EventType "blitz"]

1. e4 c5 2. Nf3 e6 3. d4 cxd4 4. Nxd4 a6 5. c4 Nf6 6. Nc3 Qc7 7. a3 b6 8. Be2
Bb7 9. Be3 Nxe4 10. Nxe4 Bxe4 11. O-O Nc6 12. Rc1 Bd6 13. h3 O-O 14. b4 Bh2+ 15.
Kh1 Bf4 16. Nxc6 dxc6 17. Qd4 Bxe3 18. Qxe3 Bg6 19. Rfd1 c5 20. Bf3 Rad8 21. Rd2
Rxd2 22. Qxd2 Rd8 23. Qe3 h6 24. g3 Rd4 25. Kg2 Rd3 26. Qe1 Rxa3 27. Rd1 Rd3 28.
Rxd3 Bxd3 29. Qc3 Qd6 30. bxc5 bxc5 31. h4 g6 32. h5 gxh5 33. Qf6 Bg6 34. Qc3
Qd4 35. Qb3 Kg7 36. Qa4 a5 37. Qb5 h4 38. Qxa5 hxg3 39. Kxg3 Qxc4 40. Qa1+ Qd4
41. Qc1 c4 42. Kg2 c3 43. Bd1 Qd2 44. Qa1 Qb2 45. Qa4 c2 46. Bxc2 Qxc2 47. Qg4
Qe4+ 48. Qxe4 Bxe4+ 0-1

[Event "Chess24 Banter Blitz Cup"]
[Site "chess24.com INT"]
[Date "2020.01.06"]
[Round "1.6"]
[White "Vallejo Pons, Francisco"]
[Black "Buksa, Nataliya"]
[Result "0-1"]
[WhiteTitle "GM"]
[BlackTitle "IM"]
[WhiteElo "2694"]
[BlackElo "2410"]
[WhiteFideId "2205530"]
[BlackFideId "14123622"]
[EventDate "2019.09.25"]
[EventType "blitz"]

1. e4 c5 2. Ne2 Nc6 3. Nbc3 e5 4. Nd5 d6 5. Nec3 g6 6. Bc4 Bg7 7. d3 Nge7 8. O-O
Nxd5 9. Nxd5 Be6 10. c3 O-O 11. f4 exf4 12. Bxf4 Ne5 13. Bxe5 Bxe5 14. Qd2 Qh4
15. g3 Qh5 16. Nc7 Bxc4 17. Nxa8 Bxd3 18. Qxd3 Rxa8 19. Qd5 Rf8 20. Qxb7 Qg4 21.
Rf2 h5 22. Raf1 Qe6 23. Qd5 Qxd5 24. exd5 f5 25. Kg2 Kf7 26. h3 Ke7 27. g4 hxg4
28. hxg4 f4 29. Rh1 Kf6 30. Kf3 Kg5 31. Rh7 a5 32. Rfh2 a4 33. a3 Re8 34. Re2
Rb8 35. Rhh2 Rb3 36. Rc2 Rb5 37. Rh7 Rb8 38. Re2 Rc8 39. Ra7 Rh8 40. Rxe5+ dxe5
41. d6 Rh3+ 42. Ke4 Re3+ 43. Kd5 f3 44. Rf7 Kxg4 45. Kxc5 Kg3 46. d7 Rd3 47. Kc6
f2 48. Rf6 e4 49. Rxg6+ Kf3 50. Rf6+ Ke2 51. Kc7 Rxd7+ 52. Kxd7 f1=Q 53. c4 Qxf6
54. c5 Qd4+ 55. Kc6 Kd3 56. Kb5 Qd5 57. Kb6 Kd4 0-1

[Event "Chess24 Banter Blitz Cup"]
[Site "chess24.com INT"]
[Date "2020.01.06"]
[Round "1.7"]
[White "Buksa, Nataliya"]
[Black "Vallejo Pons, Francisco"]
[Result "0-1"]
[WhiteTitle "IM"]
[BlackTitle "GM"]
[WhiteElo "2410"]
[BlackElo "2694"]
[WhiteFideId "14123622"]
[BlackFideId "2205530"]
[EventDate "2019.09.25"]
[EventType "blitz"]

1. d4 Nf6 2. Bf4 e6 3. e3 c5 4. Nc3 a6 5. Nf3 d5 6. Ne5 b5 7. dxc5 Bxc5 8. Bd3
Bb7 9. O-O Nbd7 10. Ne2 O-O 11. c3 Nxe5 12. Bxe5 Nd7 13. Bg3 e5 14. Bf5 Re8 15.
a4 g6 16. Bxd7 Qxd7 17. axb5 axb5 18. Qd2 f6 19. h4 Qc6 20. Kh2 d4 21. f3 dxe3
22. Qc2 Rxa1 23. Rxa1 Rd8 24. Rd1 Rxd1 25. Qxd1 Qd5 26. Qa1 h6 27. h5 g5 28. Qa5
g4 29. Qxb5 gxf3 30. Qe8+ Kg7 31. Qg6+ Kf8 32. Qxf6+ Ke8 33. gxf3 Qxf3 34. Qxf3
Bxf3 35. Ng1 e4 36. Be1 Bxh5 37. Kg3 Bd6+ 38. Kg2 Bg4 39. b4 Be6 40. Ne2 Kd7 41.
Nd4 Bc4 42. Nf5 Bf4 43. Bg3 e2 44. Be1 Ke6 45. Ng3 Ke5 46. Nh5 Bg5 47. Ng3 Kf4
48. Kf2 e3+ 49. Kg2 Bd5+ 50. Kg1 Kf3 51. Nf5 Bc4 52. Nd4+ Ke4 53. Kg2 h5 54. Kg3
Bf4+ 55. Kh3 Be5 0-1

[Event "Chess24 Banter Blitz Cup"]
[Site "chess24.com INT"]
[Date "2020.01.06"]
[Round "1.8"]
[White "Vallejo Pons, Francisco"]
[Black "Buksa, Nataliya"]
[Result "1/2-1/2"]
[WhiteTitle "GM"]
[BlackTitle "IM"]
[WhiteElo "2694"]
[BlackElo "2410"]
[WhiteFideId "2205530"]
[BlackFideId "14123622"]
[EventDate "2019.09.25"]
[EventType "blitz"]

1. e4 c5 2. Ne2 Nc6 3. Nbc3 Nf6 4. d4 cxd4 5. Nxd4 e5 6. Ndb5 d6 7. Bg5 a6 8.
Na3 b5 9. Nd5 Be7 10. Bxf6 Bxf6 11. c3 O-O 12. Nc2 Rb8 13. a3 a5 14. Be2 b4 15.
axb4 axb4 16. Ncxb4 Nxb4 17. Nxb4 Bb7 18. Qd3 Qb6 19. O-O Rfd8 20. Rfd1 Be7 21.
Qf3 d5 22. Nxd5 Bxd5 23. exd5 Qxb2 24. Ra7 Rb7 25. Rxb7 Qxb7 26. h4 Bc5 27. h5
Qb6 28. Qf5 g6 29. Qf3 Kg7 30. Qg3 Qf6 31. Bf3 Rb8 32. Qh3 gxh5 33. Qxh5 Rb2 34.
Rf1 Qf4 35. Qg4+ Qxg4 36. Bxg4 Rc2 37. Bf5 Rxc3 38. Rd1 Bd6 39. g3 Rf3 40. Be4
Rb3 41. Kg2 Rb4 42. Bf5 Rb2 43. Rh1 Bc5 44. Rxh7+ Kf6 45. g4 Rxf2+ 46. Kg3 Rd2
47. Rh6+ Kg5 48. Rh5+ Kf6 49. Rh6+ Kg5 50. Rh5+ Kf6 51. Rh6+ 1/2-1/2

[Event "Chess24 Banter Blitz Cup"]
[Site "chess24.com INT"]
[Date "2020.01.06"]
[Round "1.9"]
[White "Buksa, Nataliya"]
[Black "Vallejo Pons, Francisco"]
[Result "0-1"]
[WhiteTitle "IM"]
[BlackTitle "GM"]
[WhiteElo "2410"]
[BlackElo "2694"]
[WhiteFideId "14123622"]
[BlackFideId "2205530"]
[EventDate "2019.09.25"]
[EventType "blitz"]

1. d4 f5 2. g3 Nf6 3. Bg2 e6 4. Nd2 c5 5. e3 Nc6 6. Ne2 d5 7. O-O Be7 8. dxc5
Bxc5 9. c4 O-O 10. b3 d4 11. exd4 Nxd4 12. Bb2 e5 13. Nf3 Nxf3+ 14. Bxf3 e4 15.
Bg2 Be6 16. Nf4 Bf7 17. Qe2 Qe7 18. h4 Rad8 19. Rfd1 a5 20. Bh3 e3 21. f3 Nh5
22. Nxh5 Bxh5 23. Rd5 Rxd5 24. cxd5 Bxf3 25. Qxf3 e2+ 26. Kh2 e1=Q 27. Rxe1 Qxe1
28. Bg2 Bd6 29. Qc3 Qxc3 30. Bxc3 b6 31. Bd4 f4 32. Bxb6 fxg3+ 33. Kh3 h6 34.
Bxa5 g5 35. hxg5 hxg5 36. Be1 Re8 37. Bd2 Bf4 38. Bxf4 gxf4 39. Kg4 Re2 40. Kh3
Rxa2 41. d6 Rd2 42. d7 Rxd7 43. Kg4 Rd2 44. Kh3 Kg7 45. b4 Kf6 46. b5 Rb2 47.
Bc6 Kg5 48. Bd7 Rh2# 0-1

[Event "Chess24 Banter Blitz Cup"]
[Site "chess24.com INT"]
[Date "2020.01.06"]
[Round "1.10"]
[White "Vallejo Pons, Francisco"]
[Black "Buksa, Nataliya"]
[Result "1-0"]
[WhiteTitle "GM"]
[BlackTitle "IM"]
[WhiteElo "2694"]
[BlackElo "2410"]
[WhiteFideId "2205530"]
[BlackFideId "14123622"]
[EventDate "2019.09.25"]
[EventType "blitz"]

1. e4 c5 2. Nc3 Nc6 3. Nge2 e6 4. d4 cxd4 5. Nxd4 a6 6. Qd3 Nge7 7. Be3 Nxd4 8.
Qxd4 Nc6 9. Qb6 Qxb6 10. Bxb6 Bb4 11. O-O-O d6 12. Na4 Ke7 13. Bc7 b5 14. a3
bxa4 15. axb4 d5 16. exd5 Kd7 17. Bg3 Nxb4 18. dxe6+ Kxe6 19. Rd6+ Ke7 20. Bc4
Be6 21. Bxe6 fxe6 22. Re1 Rac8 23. c3 a3 24. Rexe6+ Kf7 25. Kb1 axb2 26. cxb4
Rc1+ 27. Kxb2 Rhc8 28. Re2 R1c4 29. Rb6 h5 30. h4 g6 31. Rd2 Kg7 32. Be5+ Kf7
33. f4 a5 34. bxa5 Ra4 35. Rd7+ Ke8 36. Rh7 g5 37. hxg5 h4 38. Rbb7 1-0

[Event "Chess24 Banter Blitz Cup"]
[Site "chess24.com INT"]
[Date "2020.01.06"]
[Round "1.11"]
[White "Buksa, Nataliya"]
[Black "Vallejo Pons, Francisco"]
[Result "0-1"]
[WhiteTitle "IM"]
[BlackTitle "GM"]
[WhiteElo "2410"]
[BlackElo "2694"]
[WhiteFideId "14123622"]
[BlackFideId "2205530"]
[EventDate "2019.09.25"]
[EventType "blitz"]

1. d4 f5 2. Nc3 Nf6 3. Bg5 d5 4. Bxf6 exf6 5. e3 Be6 6. Bd3 Nc6 7. Nge2 Qd7 8.
Nf4 Bf7 9. h4 g6 10. a3 Ne7 11. Qf3 c6 12. g3 Nc8 13. Qg2 Nd6 14. f3 O-O-O 15.
O-O-O Re8 16. Rhe1 Bh6 17. Kb1 Re7 18. g4 fxg4 19. fxg4 Rhe8 20. g5 Bg7 21. Qf3
f5 22. h5 Qd8 23. Re2 Ne4 24. Bxe4 dxe4 25. Qg3 Rd7 26. hxg6 hxg6 27. Red2 b6
28. Nfe2 Kb7 29. Nf4 Rh8 30. Qg2 Rh4 31. d5 cxd5 32. Ncxd5 Rg4 33. Qe2 a6 34.
Nb4 Rxd2 35. Rxd2 Rg1+ 36. Rd1 Qxd1+ 0-1

[Event "Chess24 Banter Blitz Cup"]
[Site "chess24.com INT"]
[Date "2020.01.07"]
[Round "2.1"]
[White "Ramirez, Alejandro"]
[Black "Grandelius, Nils"]
[Result "1/2-1/2"]
[WhiteTitle "GM"]
[BlackTitle "GM"]
[WhiteElo "2589"]
[BlackElo "2691"]
[WhiteFideId "6500617"]
[BlackFideId "1710400"]
[EventDate "2019.09.25"]
[EventType "blitz"]

1. d4 Nf6 2. c4 e6 3. Nc3 Bb4 4. Qc2 b6 5. e4 c5 6. dxc5 Bb7 7. Bd3 Na6 8. Ne2
Nxc5 9. O-O Nxd3 10. Qxd3 O-O 11. Bg5 Be7 12. Rfd1 Bc6 13. Nd4 Rc8 14. b3 h6 15.
Bh4 Nh5 16. Bxe7 Qxe7 17. Nxc6 dxc6 18. Qd7 Qf6 19. Ne2 a5 20. Qd4 b5 21. Qxf6
Nxf6 22. e5 Ng4 23. f4 bxc4 24. bxc4 Ne3 25. Rd3 Nxc4 26. Rc1 Nb6 27. Rd6 Nd5
28. Rdxc6 Rxc6 29. Rxc6 Nb4 30. Rc5 Nxa2 31. Rxa5 Nb4 1/2-1/2

[Event "Chess24 Banter Blitz Cup"]
[Site "chess24.com INT"]
[Date "2020.01.07"]
[Round "2.2"]
[White "Grandelius, Nils"]
[Black "Ramirez, Alejandro"]
[Result "0-1"]
[WhiteTitle "GM"]
[BlackTitle "GM"]
[WhiteElo "2691"]
[BlackElo "2589"]
[WhiteFideId "1710400"]
[BlackFideId "6500617"]
[EventDate "2019.09.25"]
[EventType "blitz"]

1. Nf3 d5 2. g3 Nf6 3. Bg2 g6 4. c4 d4 5. b4 Bg7 6. d3 c5 7. bxc5 O-O 8. O-O
Nfd7 9. Nbd2 Nxc5 10. a4 Bd7 11. a5 Nba6 12. Bb2 Bc6 13. Ra2 Qd7 14. Qa1 Nb4 15.
Ba3 Nxa2 16. Bxc5 Nc3 17. Re1 b6 18. Bb4 bxa5 19. Bxa5 Rab8 20. Qa3 e5 21. Bb4
Rfe8 22. Bd6 Rbd8 23. Bc5 e4 24. dxe4 Nxe4 25. Qxa7 Qxa7 26. Bxa7 Nxd2 27. Nxd2
Bxg2 28. Kxg2 Ra8 29. Bb6 Ra2 30. Nf3 Rexe2 31. Rxe2 Rxe2 32. Bxd4 Rc2 33. Bxg7
Kxg7 34. Ne5 f6 35. Ng4 Rxc4 36. Ne3 Ra4 37. h4 h6 38. Kf3 h5 39. Kg2 g5 40. Kf3
gxh4 41. Nf5+ Kg6 42. Nxh4+ Kg5 43. Kg2 Rxh4 44. gxh4+ Kxh4 45. Kf3 Kh3 46. Kf4
h4 47. Kf5 Kg2 48. Kg4 h3 49. f4 h2 0-1

[Event "Chess24 Banter Blitz Cup"]
[Site "chess24.com INT"]
[Date "2020.01.07"]
[Round "2.3"]
[White "Ramirez, Alejandro"]
[Black "Grandelius, Nils"]
[Result "1-0"]
[WhiteTitle "GM"]
[BlackTitle "GM"]
[WhiteElo "2589"]
[BlackElo "2691"]
[WhiteFideId "6500617"]
[BlackFideId "1710400"]
[EventDate "2019.09.25"]
[EventType "blitz"]

1. d4 Nf6 2. c4 e6 3. Nc3 Bb4 4. Qc2 d5 5. cxd5 exd5 6. Bg5 h6 7. Bh4 Nc6 8. Nf3
g5 9. Bg3 g4 10. Ne5 Nxd4 11. Qa4+ b5 12. Qd1 Nf5 13. e3 Bd7 14. Bd3 h5 15. Bf4
Bxc3+ 16. bxc3 c5 17. Qb1 Nd6 18. Ng6 fxg6 19. Bxd6 Bf5 20. Qxb5+ Kf7 21. Bxc5
Rb8 22. Qa6 Qc8 23. Bd4 Qxa6 24. Bxa6 Rb2 25. c4 Rc2 26. cxd5 Rd8 27. O-O Rxd5
28. Rfc1 Rxc1+ 29. Rxc1 Ra5 30. Bc4+ Be6 31. Bxe6+ Kxe6 32. Rc6+ 1-0

[Event "Chess24 Banter Blitz Cup"]
[Site "chess24.com INT"]
[Date "2020.01.07"]
[Round "2.4"]
[White "Grandelius, Nils"]
[Black "Ramirez, Alejandro"]
[Result "1-0"]
[WhiteTitle "GM"]
[BlackTitle "GM"]
[WhiteElo "2691"]
[BlackElo "2589"]
[WhiteFideId "1710400"]
[BlackFideId "6500617"]
[EventDate "2019.09.25"]
[EventType "blitz"]

1. Nf3 d5 2. g3 Nf6 3. Bg2 g6 4. d4 Nbd7 5. a4 Bg7 6. a5 O-O 7. O-O c5 8. c3 Ne4
9. Be3 cxd4 10. cxd4 b6 11. Nc3 Nxc3 12. bxc3 Ba6 13. Nd2 e6 14. axb6 axb6 15.
c4 Bb7 16. cxd5 Rxa1 17. Qxa1 Bxd5 18. Bxd5 exd5 19. Qa2 Nf6 20. Bg5 Qa8 21.
Qxa8 Rxa8 22. Bxf6 Bxf6 23. e3 b5 24. Rb1 Rb8 25. Nb3 Be7 26. Kf1 Kf8 27. Ke2
Ke8 28. Na5 Kd7 29. Kd3 Bd8 30. Nb3 Be7 31. Ra1 Rb7 32. g4 b4 33. Ra5 Ke6 34. f3
Rc7 35. Nc5+ Bxc5 36. dxc5 Kd7 37. Kd4 Kc6 38. Ra6+ Kb5 39. Rb6+ Ka4 40. Kxd5 b3
41. c6 Ka3 42. Rb7 Rc8 43. Kd6 b2 44. c7 Ka2 45. Kd7 1-0